BIBLIOTECA

SENCICO

Mini jardines : composición en pequeños espacios (Registro nro. 2135)

Detalles MARC
000 -LEADER
fixed length control field 00740nam a2200205Ia 4500
005 - DATE AND TIME OF LATEST TRANSACTION
control field 20251020182533.0
008 - FIXED-LENGTH DATA ELEMENTS--GENERAL INFORMATION
fixed length control field 200515s9999 xx 000 0 und d
082 ## - DEWEY DECIMAL CLASSIFICATION NUMBER
Classification number 712.369/P33
100 ## - MAIN ENTRY--PERSONAL NAME
Personal name PAZ, Francisco Javier Alonso de la
245 #0 - TITLE STATEMENT
Title Mini jardines : composición en pequeños espacios
260 ## - PUBLICATION, DISTRIBUTION, ETC.
Place of publication, distribution, etc. Madrid
260 ## - PUBLICATION, DISTRIBUTION, ETC.
Date of publication, distribution, etc. 2000
500 ## - GENERAL NOTE
General note 1 ejemplar
520 ## - SUMMARY, ETC.
Summary, etc. Se presenta de una forma práctica cómo incorporar al entorno ajardinado de su hogar cualquier especie vegetal que se ajuste a las condiciones de cultivo en recipientes a las condiciones de cultivo en recipientes o terrenos de escasas dimensiones
650 ## - SUBJECT ADDED ENTRY--TOPICAL TERM
Topical term or geographic name entry element BALCONES
650 ## - SUBJECT ADDED ENTRY--TOPICAL TERM
Topical term or geographic name entry element JARDINES
650 ## - SUBJECT ADDED ENTRY--TOPICAL TERM
Topical term or geographic name entry element LIB
650 ## - SUBJECT ADDED ENTRY--TOPICAL TERM
Topical term or geographic name entry element PLANTAS ACUATICAS
942 ## - ADDED ENTRY ELEMENTS (KOHA)
Koha item type Libros
Existencias
Fecha de la última vez que lo usaron Pago total Signatura topográfica completa Código de barras Precio efectivo desde Tipo de documento Estado perdido Estado dañado No es para préstamo Retirado Ubicación permanente Ubicación actual Fecha de adquisición
15/05/2020   712.369/P33 Bib-Lima15052135 15/05/2020 Libros         Biblioteca Central Lima Biblioteca Central Lima 15/05/2020